01764nam a2200313 a 4500001001200000003000800012006001900020007001500039008004100054020001800095020002700113040002100140035002100161050002400182111009300206245041900299260006300718300004900781504005100830533015200881650007501033650004001108655002901148700002001177710009101197710001701288856012601305999001901431ebr10467706CaPaEBRm u cr cn|||||||||110516s2010 vauab sb 101 0 eng d z9780784410776 z9780784473207 (e-book) aCaPaEBRcCaPaEBR a(OCoLC)73295654214aTK3242b.E44 2010eb2 aElectrical transmission and substation structures conferenced(2009 :cFort Worth, Tex.)10aElectrical transmission and substation structuresh[electronic resource] :btechnology for the next generation : proceedings of the 2009 Electrical Transmission and Substation Structures Conference, November 8-12, 2009 Fort Worth, Texas /csponsored by Electrical Transmission Structures Committee of the Structural Engineering Institute (SEI) of the American Society of Civil Engineers ; edited by Marlon W. Vogt. aReston, Va. :bAmerican Society of Civil Engineers,c2010. a510 p. :bill. (some col.), maps (some col.) aIncludes bibliographical references and index. aElectronic reproduction.bPalo Alto, Calif. :cebrary,d2011.nAvailable via World Wide Web.nAccess may be limited to ebrary affiliated libraries. 0aElectric linesxPoles and towersxDesign and constructionvCongresses. 0aStructural engineeringvCongresses. 7aElectronic books.2local1 aVogt, Marlon W.2 aAmerican Society of Civil Engineers.bCommittee on Electrical Transmission Structures.2 aebrary, Inc.40uhttp://site.ebrary.com/lib/rucke/Doc?id=10467706zAn electronic book accessible through the World Wide Web; click to view c241889d241889